Corfu International Airport Destinations (Corfu, Greece) - Statistics

General Stats
  • This quiz has been taken 128 times
    56 since last reset
  • The average score is 84 of 112
Answer Stats
Airline Destination % Correct
Aegean Airlines/Ryanair/Sky Express Athens
100%
Corendon Dutch Airlines/easyJet/Transavia/TUI fly Netherlands Amsterdam
98%
Condor/Discover Airlines/Lufthansa/Marabu/TUI fly Deutschland Munich
98%
Ryanair Barcelona
95%
Brussels Airlines/TUI fly Belgium Brussels
95%
British Airways/easyJet/Enter Air/TUI Airways London (Gatwick)
95%
British Airways London (Heathrow)
95%
easyJet/Jet2.com/TUI Airways London (Luton)
95%
Jet2.com/Ryanair/TUI Airways London (Stansted)
95%
Iberia/Iberia Express Madrid
95%
ITA Airways Milan (Linate)
95%
easyJet/Neos/Ryanair/Wizz Air Milan (Malpensa)
95%
Air France/ASL Airlines France/easyJet Paris (Charles de Gaulle)
95%
Transavia Paris (Orly)
95%
Ryanair Rome (Ciampino)
95%
ITA Airways/Ryanair/Vueling/Wizz Air Rome (Fiumicino)
95%
Animawings/Ryanair/Wizz Air Bucharest (Otopeni)
93%
Ryanair/Smartwings/Wizz Air Budapest
93%
Norwegian Air Shuttle Oslo
93%
easyJet/Eurowings/Ryanair Berlin
90%
Braathens International Airways/Norwegian Air Shuttle/Scandinavian Airlines Copenhagen
90%
Aer Lingus/Ryanair/TUI fly Netherlands Dublin
90%
Finnair Helsinki
90%
easyJet/Jet2.com/Ryanair/TUI Airways Manchester
90%
easyJet/Ryanair/Wizz Air Naples
90%
airBaltic/Norwegian Air Shuttle Riga
90%
Austrian Airlines/Ryanair/Wizz Air Vienna
90%
LOT Polish Airlines/Smartwings/Wizz Air Warsaw (Chopin)
90%
Ryanair Warsaw (Modlin)
90%
Ryanair Zagreb
90%
Chair Airlines/Edelweiss Air Zürich
90%
Air Serbia Belgrade
88%
easyJet/Jet2.com/Ryanair/TUI Airways Birmingham
88%
Condor/Discover Airlines/TUI fly Deutschland Frankfurt
88%
easyJet/Swiss International Air Lines Geneva
88%
easyJet/Jet2.com/Ryanair Liverpool
88%
Eurowings/Ryanair/Smartwings Prague
88%
Ryanair/Scandinavian Airlines Stockholm (Arlanda)
88%
Ryanair/Sky Express Thessaloniki
88%
easyJet/Volotea Lyon
86%
Air France/Ryanair Marseille
86%
Transavia Rotterdam/The Hague
86%
easyJet/TUI Airways Belfast (International)
83%
Jet2.com/TUI Airways Glasgow
83%
Condor/Eurowings/Marabu Hamburg
83%
Aegean Airlines Heraklion
83%
Ryanair Sofia
83%
easyJet/Jet2.com/TUI Airways Bristol
81%
TUI fly Netherlands Cork
81%
easyJet/Jet2.com/Ryanair/TUI Airways Edinburgh
81%
Ryanair Hahn
81%
Ryanair Kraków
81%
easyJet/Jet2.com/TUI Airways Newcastle upon Tyne
81%
Avion Express/Ryanair/Smartwings Vilnius
81%
easyJet Basel/Mulhouse
79%
Ryanair/Smartwings Bratislava
79%
Corendon Airlines/Eurowings/Ryanair Cologne/Bonn
79%
flydubai Dubai (International)
79%
Condor/Corendon Airlines/Eurowings/TUI fly Deutschland Düsseldorf
79%
Corendon Airlines/TUI fly Deutschland Hannover
79%
Luxair Luxembourg
79%
Condor/Eurowings/TUI fly Deutschland Stuttgart
79%
Ryanair/Scandinavian Airlines Gothenburg
76%
Arkia/Israir/Neos/Tus Airways Tel Aviv
76%
Ryanair Turin
76%
Smartwings Brno
74%
Buzz/Enter Air/Smartwings/Wizz Air Katowice
74%
Jet2.com/TUI Airways Leeds/Bradford
74%
easyJet/Transavia/Volotea Nantes
74%
Eurowings Salzburg
74%
TUI Airways Aberdeen
71%
Ryanair Bologna
71%
easyJet/Volotea Bordeaux
71%
Enter Air/Ryanair Gdańsk
71%
Enter Air/Ryanair Poznań
71%
Ryanair Wrocław
71%
SkyUp Airlines Chișinău
69%
Eurowings Graz
69%
Condor/Freebird Airlines Europe Leipzig/Halle
69%
Corendon Airlines/Ryanair/TUI fly Deutschland Nuremberg
69%
Neos/Ryanair Verona
69%
TUI Airways Cardiff
67%
Jet2.com/Ryanair/TUI Airways East Midlands
67%
Tus Airlines Larnaca
67%
Ryanair Aarhus
64%
Ryanair Bergamo
64%
Sundair Dresden
64%
Volotea Lille
64%
Trade Air Ljubljana
64%
Ryanair/Volotea Toulouse
64%
Sky Express Zakynthos
62%
Jet2.com Bournemouth
60%
Ryanair Charleroi
60%
Ryanair Memmingen
57%
Smartwings Ostrava
57%
Ryanair Pisa
57%
Ryanair Karlsruhe/Baden-Baden
55%
Volotea Strasbourg
55%
Ryanair Shannon
50%
Sky Express Kefalonia
48%
Ryanair Weeze
48%
SkyAlps Bolzano
45%
Ryanair Münster/Osnabrück
43%
Ryanair Treviso
43%
TUI Airways Exeter
40%
TUI Airways Norwich
40%
Sky Express Preveza
40%
Animawings Timișoara
40%
Sundair Lübeck
29%
Ryanair Niš
29%
Ryanair Teesside
24%
Wizz Air Clug-Napoca
0%
No matching quizzes found
Score Distribution
Percent of People with Each Score
Percentile by Number Answered
Your Score History
You have not taken this quiz since the last reset